Normal view
MARC view
- Kovn, G. P ,Wait, J. V ,Huelsman, L. P
Entry Personal Name
001 - CONTROL NUMBER
- control field: 58271
003 - CONTROL NUMBER IDENTIFIER
- control field: NUST
005 - DATE AND TIME OF LATEST TRANSACTION
- control field: 20210628202110.0
008 - FIXED-LENGTH DATA ELEMENTS
- fixed length control field: 210628|| aca||aabn | a|a d
040 ## - CATALOGING SOURCE
- Original cataloging agency: NUST
- Transcribing agency: NUST
100 ## - HEADING--PERSONAL NAME
- Personal name: Kovn, G. P ,Wait, J. V ,Huelsman, L. P
670 ## - SOURCE DATA FOUND
- Source citation: Work cat.: (NUST): Kovn, G. P ,Wait, J. V ,Huelsman, L. P, Introduction to operational amplifier theory and applications, 1975
